[Event "SLO-chT2 Ost"]
[Site "Maribor"]
[Date "2009.11.14"]
[Round "9"]
[White "Bajraktarevic, Bajro"]
[Black "Mrakic, Jernej"]
[Result "1-0"]
[WhiteElo "1782"]
[BlackElo "1502"]
[PlyCount "75"]
[EventDate "2009.05.30"]
[EventType "team-tourn"]
[EventRounds "9"]
[EventCountry "SLO"]
[SourceTitle "EXT 2022"]
[Source "ChessBase"]
[SourceDate "2021.10.06"]
[SourceVersion "1"]
[SourceVersionDate "2021.10.06"]
[SourceQuality "1"]

1. d4 d5 2. c4 dxc4 3. Nc3 e6 4. e4 Bb4 5. Bxc4 Ne7 6. Nf3 b6 7. 0-0 Bb7 8. Qa4+ Nbc6 9. d5 Bxc3 10. dxc6 Bxc6 11. Bb5 Bxb5 12. Qxb5+ c6 13. Qc4 Ba5 14. b4 b5 15. Qc3 Bb6 16. Qxg7 Ng6 17. h4 Qe7 18. h5 f6 19. Qh6 Ne5 20. Nxe5 fxe5 21. Bg5 Qf7 22. Rad1 Bd4 23. Rd3 Kd7 24. Bf6 Kc7 25. Bxh8 Rxh8 26. Rf3 Qe7 27. Rf6 Re8 28. Rb1 Kb6 29. a3 a6 30. Rb3 Rd8 31. Rg3 a5 32. Rg7 Qd6 33. Qxh7 Bxf2+ 34. Rxf2 Qd1+ 35. Kh2 Rb8 36. bxa5+ Kc5 37. Rd7 Qe1 38. Rc2+ 1-0